[Event "AUT-chT2M 0405"]
[Site "Austria"]
[Date "2005.04.02"]
[Round "10.6"]
[White "Marwan, David"]
[Black "Titz, Heimo"]
[Result "1/2-1/2"]
[WhiteElo "2154"]
[BlackElo "2191"]
[PlyCount "77"]
[EventDate "2004.10.16"]
[EventType "team-tourn"]
[EventRounds "11"]
[EventCountry "AUT"]
[SourceTitle "EXT 2005"]
[Source "ChessBase"]
[SourceDate "2004.11.15"]
[SourceVersion "1"]
[SourceVersionDate "2004.11.15"]
[SourceQuality "1"]
[WhiteTeam "Wartberg/Aist"]
[BlackTeam "Klagenfurter Die"]
[WhiteTeamCountry "AUT"]
[BlackTeamCountry "AUT"]

1. d4 Nf6 2. c4 e6 3. Nc3 Bb4 4. Qc2 0-0 5. e3 c5 6. Nf3 Nc6 7. Bd3 d5 8. cxd5 exd5 9. 0-0 Re8 10. a3 Bxc3 11. Qxc3 Ne4 12. Qc2 c4 13. Bxe4 Rxe4 14. Ne1 g6 15. f3 Re8 16. Qf2 f5 17. f4 Be6 18. Bd2 b5 19. Nf3 a5 20. Ne5 Nxe5 21. fxe5 Qe7 22. Rfc1 b4 23. axb4 axb4 24. Qe1 b3 25. Rxa8 Rxa8 26. Ra1 Ra2 27. Bc3 Qg5 28. Rd1 Qg4 29. Qf1 Kg7 30. Qf3 h5 31. Qxg4 hxg4 32. g3 g5 33. Rf1 Kg6 34. Kg2 Ra7 35. Kg1 Rh7 36. Rf2 Ra7 37. Rf1 Ra6 38. Kg2 Ra7 39. Kg1 1/2-1/2

[Event "AUT-chT2M 0405"]
[Site "Austria"]
[Date "2004.11.28"]
[Round "4.6"]
[White "Manhardt, Thomas"]
[Black "Marwan, David"]
[Result "1/2-1/2"]
[WhiteElo "2158"]
[BlackElo "2154"]
[PlyCount "91"]
[EventDate "2004.10.16"]
[EventType "team-tourn"]
[EventRounds "11"]
[EventCountry "AUT"]
[SourceTitle "EXT 2005"]
[Source "ChessBase"]
[SourceDate "2004.11.15"]
[SourceVersion "1"]
[SourceVersionDate "2004.11.15"]
[SourceQuality "1"]
[WhiteTeam "Graz Styria"]
[BlackTeam "Wartberg/Aist"]
[WhiteTeamCountry "AUT"]
[BlackTeamCountry "AUT"]

1. e4 e6 2. c4 d5 3. cxd5 exd5 4. exd5 Nf6 5. Nc3 Nxd5 6. Bc4 Nxc3 7. bxc3 Bd6 8. d4 0-0 9. Nf3 Nc6 10. 0-0 Bg4 11. h3 Bh5 12. Rb1 Rb8 13. Be3 a6 14. a4 Ne7 15. Be2 Nd5 16. Qd2 Qe7 17. Rb3 Bxf3 18. Bxf3 Nxe3 19. fxe3 b6 20. e4 f6 21. Qd3 a5 22. Rb2 Qe8 23. Bd1 Qg6 24. Bb3+ Kh8 25. Rf3 Rbe8 26. Re2 Qh6 27. Ref2 Qh4 28. Bc2 Rd8 29. g3 Qh6 30. Qf1 g6 31. Kg2 Be7 32. Qc4 Bd6 33. Qe2 Qg7 34. h4 Rde8 35. Qb5 Rd8 36. h5 g5 37. h6 Qxh6 38. Qd3 g4 39. Re3 Rd7 40. e5 fxe5 41. Rxf8+ Bxf8 42. Qf5 exd4 43. Re8 Qh3+ 44. Kf2 Qh2+ 45. Kf1 Qh1+ 46. Kf2 1/2-1/2

[Event "AUT-chT2M 0405"]
[Site "Austria"]
[Date "2004.11.27"]
[Round "3.6"]
[White "Marwan, David"]
[Black "Steininger, Friedrich"]
[Result "1-0"]
[WhiteElo "2154"]
[BlackElo "2170"]
[PlyCount "67"]
[EventDate "2004.10.16"]
[EventType "team-tourn"]
[EventRounds "11"]
[EventCountry "AUT"]
[SourceTitle "EXT 2005"]
[Source "ChessBase"]
[SourceDate "2004.11.15"]
[SourceVersion "1"]
[SourceVersionDate "2004.11.15"]
[SourceQuality "1"]
[WhiteTeam "Wartberg/Aist"]
[BlackTeam "Graz Strassenbahn"]
[WhiteTeamCountry "AUT"]
[BlackTeamCountry "AUT"]

1. d4 Nf6 2. c4 g6 3. Nc3 Bg7 4. e4 d6 5. f3 0-0 6. Be3 Na6 7. Qd2 c6 8. Bd3 Nc7 9. Nge2 Rb8 10. 0-0 Nfe8 11. Rac1 b6 12. b4 e5 13. d5 c5 14. b5 f5 15. Bg5 Bf6 16. Bh6 Ng7 17. f4 exf4 18. exf5 g5 19. h4 gxh4 20. Qxf4 Nce8 21. Qg4 Kh8 22. Ne4 Be5 23. Bg5 Nf6 24. Qxh4 Nxf5 25. Rxf5 Bxf5 26. Rf1 Bxe4 27. Bxe4 Rb7 28. Nf4 Bd4+ 29. Kh1 Rg7 30. Ne6 Nxe4 31. Rxf8+ Qxf8 32. Nxf8 Nxg5 33. Ne6 Rg6 34. Nxg5 1-0

[Event "AUT-chT2M 0405"]
[Site "Austria"]
[Date "2004.10.16"]
[Round "1.6"]
[White "Kaspret, Guido"]
[Black "Marwan, David"]
[Result "1-0"]
[WhiteElo "2306"]
[BlackElo "2154"]
[PlyCount "69"]
[EventDate "2004.10.16"]
[EventType "team-tourn"]
[EventRounds "11"]
[EventCountry "AUT"]
[SourceTitle "EXT 2005"]
[Source "ChessBase"]
[SourceDate "2004.11.15"]
[SourceVersion "1"]
[SourceVersionDate "2004.11.15"]
[SourceQuality "1"]
[WhiteTeam "Maria Saal"]
[BlackTeam "Wartberg/Aist"]
[WhiteTeamCountry "AUT"]
[BlackTeamCountry "AUT"]

1. c4 Nf6 2. Nf3 g6 3. Nc3 Bg7 4. e4 d6 5. d4 0-0 6. Be2 a6 7. 0-0 Nc6 8. d5 Ne5 9. Nxe5 dxe5 10. Bg5 Nd7 11. Qd2 f6 12. Be3 f5 13. f3 f4 14. Bf2 g5 15. g4 h5 16. h3 Nf6 17. Kg2 Qd7 18. Rg1 hxg4 19. hxg4 e6 20. Rad1 exd5 21. Nxd5 Nxd5 22. cxd5 Rf6 23. Rh1 Bf8 24. Rh5 Rg6 25. Qc3 Bd6 26. Rdh1 b5 27. Rh8+ Kf7 28. R1h5 Rg7 29. R8h7 Qd8 30. Qc1 Bb7 31. Qh1 Bf8 32. R5h6 Rxh7 33. Rxh7+ Bg7 34. Qh6 Qf6 35. Rxg7+ 1-0

[Event "AUT-chT2M 9899"]
[Site "Austria"]
[Date "1998.11.29"]
[Round "3"]
[White "Wallner, Alfred"]
[Black "Marwan, David"]
[Result "0-1"]
[WhiteElo "2270"]
[BlackElo "2110"]
[PlyCount "142"]
[EventDate "1998.11.??"]
[EventType "team-swiss"]
[EventRounds "11"]
[EventCountry "AUT"]
[SourceTitle "EXT 2000"]
[Source "ChessBase"]
[SourceDate "1999.11.16"]
[SourceVersion "1"]
[SourceVersionDate "1999.11.16"]
[SourceQuality "1"]

1. e4 e6 2. d4 d5 3. Nd2 Nc6 4. Ngf3 Nf6 5. e5 Nd7 6. Be2 f6 7. exf6 Qxf6 8. Nf1 Bd6 9. Ne3 0-0 10. 0-0 Nb6 11. Ng4 Qd8 12. g3 Qe8 13. Ne3 Kh8 14. Kg2 e5 15. dxe5 Nxe5 16. Nxd5 Qc6 17. Nxe5 Bxe5 18. Bf3 Nxd5 19. Bxd5 Qf6 20. Qh5 Bf5 21. Bxb7 Rab8 22. Bg5 Qb6 23. Bd5 Bxb2 24. Rad1 Bxc2 25. Rd2 Bg6 26. Qg4 Bc3 27. Be3 Qa5 28. Rdd1 Rbd8 29. Bb3 Rxd1 30. Rxd1 Bh5 31. Qf4 Bb4 32. Rd5 Qxd5+ 33. Bxd5 Rxf4 34. Bxf4 c5 35. Bc4 h6 36. Bb8 a5 37. Be5 Kh7 38. f3 Be8 39. h4 Bc6 40. Kf2 Kg6 41. g4 Kh7 42. h5 Ba4 43. Ke3 Bc6 44. f4 Bd7 45. f5 Ba3 46. Bc7 Bc1+ 47. Ke4 Bc6+ 48. Bd5 Bb5 49. Bxa5 Be2 50. a4 Bxg4 51. Bb6 Bxh5 52. a5 Be2 53. Bb7 Bb2 54. Ke3 Bb5 55. Bd8 c4 56. Kd2 Be5 57. Be4 Kg8 58. Bd5+ Kf8 59. Bb6 Ke7 60. Ke3 Kd6 61. Be4 Ba6 62. Bd4 h5 63. Ba7 Bf6 64. Kf4 h4 65. Kg4 Ke5 66. Bc2 Bc8 67. Bb8+ Kd4 68. Kh5 Bb7 69. Kg6 h3 70. Ba4 c3 71. Bc2 Ke3 0-1

[Event "Wattens op 11th"]
[Site "Wattens"]
[Date "1996.??.??"]
[Round "9"]
[White "Bernardi, Mario"]
[Black "Marwan, David"]
[Result "1/2-1/2"]
[WhiteElo "2045"]
[BlackElo "1915"]
[PlyCount "85"]
[EventDate "1996.??.??"]
[EventType "swiss"]
[EventRounds "9"]
[EventCountry "AUT"]
[SourceTitle "EXT 2000"]
[Source "ChessBase"]
[SourceDate "1999.11.16"]
[SourceVersion "1"]
[SourceVersionDate "1999.11.16"]
[SourceQuality "1"]

1. Nf3 Nf6 2. c4 g6 3. Nc3 Bg7 4. e4 d6 5. d4 0-0 6. Be2 Nbd7 7. 0-0 e5 8. d5 Ne8 9. Bg5 f6 10. Bh4 a6 11. b4 Rf7 12. Nd2 Nf8 13. g4 Bh6 14. Nb3 Bf4 15. c5 g5 16. Bg3 h5 17. gxh5 Rh7 18. a4 Ng7 19. Ra2 Qd7 20. c6 Qf7 21. cxb7 Bxb7 22. Na5 Bc8 23. Nc6 Nxh5 24. Bg4 f5 25. exf5 Bxf5 26. Bxf5 Qxf5 27. Qb1 Qf7 28. Ne4 Nf6 29. Nxf6+ Qxf6 30. Qe4 Ng6 31. f3 Rf7 32. Rg2 Kg7 33. h4 Kf8 34. Bxf4 Nxf4 35. hxg5 Qf5 36. Qxf5 Rxf5 37. Rd2 Rxg5+ 38. Kf2 Rg2+ 39. Ke3 Rxd2 40. Kxd2 Nxd5 41. Rh1 Kf7 42. Rh7+ Ke6 43. a5 1/2-1/2

[Event "Wattens op 11th"]
[Site "Wattens"]
[Date "1996.??.??"]
[Round "2"]
[White "Marwan, David"]
[Black "Hechl, Gerald"]
[Result "1/2-1/2"]
[WhiteElo "1915"]
[BlackElo "2230"]
[PlyCount "20"]
[EventDate "1996.??.??"]
[EventType "swiss"]
[EventRounds "9"]
[EventCountry "AUT"]
[SourceTitle "EXT 2000"]
[Source "ChessBase"]
[SourceDate "1999.11.16"]
[SourceVersion "1"]
[SourceVersionDate "1999.11.16"]
[SourceQuality "1"]

1. d4 Nc6 2. Nf3 d6 3. g3 Bg4 4. Bg2 Nf6 5. 0-0 Qd7 6. c4 h5 7. d5 Bxf3 8. exf3 Ne5 9. Qe2 h4 10. Nc3 a6 1/2-1/2

[Event "Wattens op 11th"]
[Site "Wattens"]
[Date "1996.??.??"]
[Round "6"]
[White "Marwan, David"]
[Black "Ritz, Thomas"]
[Result "1/2-1/2"]
[WhiteElo "1915"]
[BlackElo "2175"]
[PlyCount "51"]
[EventDate "1996.??.??"]
[EventType "swiss"]
[EventRounds "9"]
[EventCountry "AUT"]
[SourceTitle "EXT 2000"]
[Source "ChessBase"]
[SourceDate "1999.11.16"]
[SourceVersion "1"]
[SourceVersionDate "1999.11.16"]
[SourceQuality "1"]

1. d4 Nf6 2. c4 e6 3. Nf3 Bb4+ 4. Bd2 Qe7 5. a3 Bxd2+ 6. Nbxd2 d6 7. e3 0-0 8. Qc2 e5 9. dxe5 dxe5 10. c5 a5 11. Rc1 Nc6 12. Bb5 e4 13. Bxc6 bxc6 14. Nd4 Bd7 15. 0-0 Rfe8 16. b4 axb4 17. axb4 Qe5 18. Rfe1 Ng4 19. Nf1 Qd5 20. Qc4 Qxc4 21. Rxc4 Ra4 22. Rb1 Ne5 23. Rc2 Rb8 24. b5 cxb5 25. c6 Be8 26. Rc5 1/2-1/2

[Event "Finkenstein op"]
[Site "Finkenstein"]
[Date "1995.??.??"]
[Round "6"]
[White "Hofbauer, Peter"]
[Black "Marwan, David"]
[Result "1/2-1/2"]
[WhiteElo "2080"]
[BlackElo "1915"]
[PlyCount "85"]
[EventDate "1995.??.??"]
[EventType "swiss"]
[EventRounds "9"]
[EventCountry "AUT"]
[SourceTitle "EXT 1997"]
[Source "ChessBase"]
[SourceDate "1996.11.15"]
[SourceVersion "1"]
[SourceVersionDate "1996.11.15"]
[SourceQuality "1"]

1. e4 e6 2. c4 c5 3. Nf3 b6 4. d4 cxd4 5. Nxd4 Bb7 6. Nc3 Bb4 7. Bd3 Nc6 8. Nxc6 Bxc6 9. 0-0 Bxc3 10. bxc3 d6 11. Qe2 Nf6 12. Ba3 Qc7 13. f4 Nd7 14. Bc2 0-0-0 15. c5 dxc5 16. c4 h5 17. Bb2 f6 18. e5 f5 19. Rad1 Nb8 20. Rxd8+ Rxd8 21. Qxh5 Rd2 22. Rf2 Qd7 23. Bc3 Rxf2 24. Kxf2 b5 25. cxb5 Bxb5 26. Qh8+ Kb7 27. Qf8 Na6 28. g4 Nb4 29. Bb3 Nd3+ 30. Kg3 c4 31. Bc2 fxg4 32. Kxg4 Bc6 33. Kg5 Be4 34. Qd6 Qf7 35. Bxd3 Qf5+ 36. Kh4 Qxf4+ 37. Kh3 Qe3+ 38. Kh4 Qh6+ 39. Kg3 Qg5+ 40. Kf2 Qf4+ 41. Ke1 Qe3+ 42. Be2 Qxc3+ 43. Kf2 1/2-1/2

[Event "Finkenstein op"]
[Site "Finkenstein"]
[Date "1995.??.??"]
[Round "4"]
[White "Roskar, Robert"]
[Black "Marwan, David"]
[Result "1/2-1/2"]
[WhiteElo "2200"]
[BlackElo "1915"]
[PlyCount "62"]
[EventDate "1995.??.??"]
[EventType "swiss"]
[EventRounds "9"]
[EventCountry "AUT"]
[SourceTitle "EXT 1997"]
[Source "ChessBase"]
[SourceDate "1996.11.15"]
[SourceVersion "1"]
[SourceVersionDate "1996.11.15"]
[SourceQuality "1"]

1. e4 e6 2. d4 d5 3. Nc3 Bb4 4. e5 c5 5. a3 Bxc3+ 6. bxc3 Qc7 7. Nf3 Nc6 8. Be2 Nge7 9. 0-0 a5 10. a4 b6 11. Ba3 Ba6 12. Bxa6 Rxa6 13. Qe2 c4 14. Nh4 Ng6 15. Qg4 Qd8 16. Nf3 h5 17. Qg5 Kd7 18. Qd2 Kc8 19. Ng5 Qd7 20. f4 Nh4 21. Qe3 Nf5 22. Qh3 Qe8 23. Rfb1 Na7 24. Bd6 Kd7 25. Ra2 Nc8 26. Ba3 Kc7 27. Rab2 f6 28. Nf3 Qxa4 29. Bd6+ Nfxd6 30. exd6+ Kxd6 31. f5 Qd7 1/2-1/2